01158naa#a2200241#i#4500001001600000005001700016011001400033100004100047102000700088200016900095210008300264215001000347608004500357675010500402700005200507700005000559700006200609700005800671700005400729700005700783700005600840856002000896RU\\bibl\12524820260630005240.2##a2077-7566##a20260629b2026####ek#y0rusy0150####ca##aRU1#aЭФФЕКТИВНОСТЬ ДЕЙСТВИЯ ТАБЛЕТОК ДЛЯ ОЧИЩЕНИЯ СЪЕМНЫХ ЗУБНЫХ ПРОТЕЗОВeЖурнальная статья1#aЕкатеринбургcИздательский Дом «ТИРАЖ»d2026##a6 с.##aЖурнальная статья2local##aСтоматология. Заболевания ротовой полости и зубов. 616.31#1aМаренковаgМарина Львовна#1aМирсаевgТимур Дамирович#1aМатвееваgТатьяна Владимировна#1aКолесникgТатьяна Алексеевна#1aХалиловаgСурайя Халиловна#1aМамедоваgЭмилья Эльхан кызы#1aГасымоваgСабина Эльмановна4#adental-press.ru